Statistics for Apocalypse - Cigarettes After Sex

Click here to take the quiz!

General Stats

  • This quiz has been taken 111 times
  • The average score is 176 of 227

Answer Stats

Answer% Correct
you
99%
me
94%
go
93%
I
93%
the
93%
in
90%
tell
90%
why
90%
baby
89%
music
89%
got
88%
your
88%
apocalypse
87%
lips
87%
my
85%
be
83%
and
82%
been
80%
just
80%
can’t
79%
for
79%
goodbye
79%
say
79%
to
79%
when
74%
you’ve
74%
forever
73%
on
73%
locked
71%
come
70%
from
69%
know
69%
watching
69%
haunt
68%
here
68%
above
67%
dust
67%
turn
67%
want
67%
all
65%
helicopters
65%
way
65%
were
65%
kids
64%
ocean
64%
secrets
63%
there
63%
up
63%
cityscapes
62%
crashing
62%
crumbling
62%
kisses
62%
please
62%
sharing
62%
since
62%
will
62%
with
62%
alone
61%
bridges
61%
feeling
61%
hiding
61%
leapt
61%
of
61%
oh
61%
sneak
61%
filming
60%
out
60%
reach
60%
too
60%
you’re
60%
each
58%
knees
58%
other
58%
rising
58%
dark
57%
arms
56%
left
56%
lovers
56%
sleeping
56%
us
56%
low
55%
pianos
55%
rivers
55%
she
55%
that
55%
them
55%
fist
54%
hollowed
54%
soundly
54%
wrapped
54%
clutched
52%
flood
52%
is
52%
foreheads
51%
gave
51%
locket
51%
through
51%

Score Distribution

Percentile by Number Answered

Percent of People with Each Score

Your Score History

You have not taken this quiz